| 000 | 01628naa a22003257a 4500 | ||
|---|---|---|---|
| 001 | BR8001676 | ||
| 003 | BR-BrBNA | ||
| 005 | 20240918174539.0 | ||
| 007 | ta | ||
| 008 | 230509b bl.||||| |||| 00| 0 por d | ||
| 040 |
_aBR-BrBNA _bpor _cBiblioteca Nacional de Agricultura |
||
| 041 | _a(En) | ||
| 072 |
_aH10 _b7300 _bG302 |
||
| 090 | _aH10 BR8001676 | ||
| 100 | 1 | _aDavidson, A. | |
| 111 | 1 |
_a3. Congresso Latinoamericano de Entomologia; 5. Congresso Brasileiro de Entomologia _cItabuna, BA (Brazil) _d23 Jul 1978 |
|
| 245 | 1 | _aThe integration of integrated control: the relevance of systems-based integrated pest management to contemporary agricultural development in Latin America [Praga de planta; Inseto; America Latina] | |
| 246 | 1 | _aThe integration of integrated control: the relevance of systems-based integrated pest management to contemporary agricultural development in Latin America [Insect] | |
| 246 | 1 | _a[Proceedings of the 3. Latin American Congress of Entomology; 5. Brazilian Congress of Entomology] | |
| 260 | 3 |
_aIlheus, BA (Brasil): _cJun 1979. |
|
| 500 | _aMemorias do 3. Congresso Latinoamericano de Entomologia; 5. Congresso Brasileiro de Entomologia Ilheus, BA (Brasil): Jun 1979. p. 17-23 (BR8001676-AM)H10 | ||
| 650 | _aPraga de planta | ||
| 650 | _aInseto | ||
| 650 | _aControle quimico | ||
| 650 | _aControle biologico | ||
| 650 | _aAmerica latina | ||
| 773 | 0 |
_tMemorias do 3. Congresso Latinoamericano de Entomologia; 5. Congresso Brasileiro de Entomologia _wH10 BR8001676 _gIlheus, BA (Brasil), Jun 1979. p. 17-23 |
|
| 909 |
_a202404 _bLucia _c55 _dLucia Elande |
||
| 942 |
_cAM _2AGRIS |
||
| 999 |
_c311923 _d311923 |
||